[Event "FRA-RUS Seniors"]
[Site "Paris"]
[Date "2010.11.06"]
[Round "6"]
[White "Cairo, Serge"]
[Black "Zhuravliev, Vladilen"]
[Result "0-1"]
[WhiteElo "1795"]
[BlackElo "2072"]
[PlyCount "33"]
[EventDate "2010.11.06"]
[EventType "team-match"]
[EventRounds "10"]
[EventCountry "FRA"]
[SourceTitle "EXT 2012"]
[Source "ChessBase"]
[SourceDate "2011.11.24"]
[SourceVersion "1"]
[SourceVersionDate "2011.11.24"]
[SourceQuality "1"]

1. d4 Nf6 2. c4 d6 3. Nc3 Nbd7 4. e3 e5 5. e4 Be7 6. Nf3 0-0 7. Be2 Re8 8. 0-0 c6 9. Qc2 Qc7 10. h3 Nf8 11. Be3 Ng6 12. Rac1 Bd7 13. a3 Rad8 14. Rfe1 Nh5 15. Bf1 Nhf4 16. b4 b6 17. Ne2 0-1

[Event "FRA-RUS Seniors"]
[Site "Paris"]
[Date "2010.11.06"]
[Round "2"]
[White "Lebel Arias, Julia"]
[Black "Zhuravliev, Vladilen"]
[Result "1/2-1/2"]
[WhiteElo "1969"]
[BlackElo "2072"]
[PlyCount "72"]
[EventDate "2010.11.06"]
[EventType "team-match"]
[EventRounds "10"]
[EventCountry "FRA"]
[SourceTitle "EXT 2012"]
[Source "ChessBase"]
[SourceDate "2011.11.24"]
[SourceVersion "1"]
[SourceVersionDate "2011.11.24"]
[SourceQuality "1"]

1. d4 Nf6 2. e3 d6 3. Nd2 e5 4. Bd3 Be7 5. c3 0-0 6. Ngf3 Nbd7 7. 0-0 c6 8. Re1 Qc7 9. h3 Re8 10. e4 Nf8 11. dxe5 dxe5 12. a4 a5 13. Qc2 Bc5 14. Nc4 Ng6 15. Bf1 Nh5 16. Be3 Bxe3 17. Nxe3 Nhf4 18. Rad1 Be6 19. b4 Rad8 20. Rxd8 Rxd8 21. Rd1 f6 22. Nc4 b6 23. bxa5 bxa5 24. Rxd8+ Qxd8 25. Qd2 Qc7 26. Qd6 Qxd6 27. Nxd6 Bb3 28. Nb7 Bxa4 29. Nxa5 Ne7 30. g3 Nfg6 31. Nd2 Kf7 32. Bc4+ Ke8 33. Nb7 Nf8 34. Nc5 Bb5 35. Bxb5 cxb5 36. Kf1 Nc6 1/2-1/2

[Event "Moscow op-B"]
[Site "Moscow"]
[Date "2009.02.08"]
[Round "9"]
[White "Zhuravliev, Vladilen"]
[Black "Kapov, Adam"]
[Result "1-0"]
[WhiteElo "2097"]
[BlackElo "1927"]
[PlyCount "67"]
[EventDate "2009.01.31"]
[EventType "swiss"]
[EventRounds "9"]
[EventCountry "RUS"]
[SourceTitle "EXT 2012"]
[Source "ChessBase"]
[SourceDate "2011.11.24"]
[SourceVersion "1"]
[SourceVersionDate "2011.11.24"]
[SourceQuality "1"]

1. e4 e5 2. Nf3 Nc6 3. d3 Nf6 4. c3 d6 5. Be2 Be7 6. 0-0 0-0 7. Qc2 Bg4 8. Be3 d5 9. Nbd2 dxe4 10. dxe4 a6 11. Nc4 Bxf3 12. Bxf3 Qd7 13. h3 Qe6 14. b3 Rfd8 15. Rad1 h6 16. Bc1 Bc5 17. Ne3 Bxe3 18. Bxe3 Nh7 19. Be2 Qg6 20. Kh2 Ng5 21. f3 Ne6 22. Bc4 Nf4 23. g3 Nh5 24. Qg2 Ne7 25. f4 b5 26. Be2 exf4 27. gxf4 Qxg2+ 28. Kxg2 Nf6 29. Bf3 c6 30. Bd4 Ne8 31. Kf2 Nc7 32. f5 Ne8 33. Bc5 Rxd1 34. Rxd1 1-0

[Event "IPCA Wch-B 8th"]
[Site "Wisla"]
[Date "2007.05.22"]
[Round "8"]
[White "Bondarets, Vadim"]
[Black "Zhuravliev, Vladilen"]
[Result "1-0"]
[WhiteElo "2341"]
[BlackElo "2112"]
[PlyCount "72"]
[EventDate "2007.05.15"]
[EventType "swiss"]
[EventRounds "9"]
[EventCountry "POL"]
[SourceTitle "EXT 2011"]
[Source "ChessBase"]
[SourceDate "2010.11.26"]
[SourceVersion "1"]
[SourceVersionDate "2010.11.26"]
[SourceQuality "1"]

1. Nf3 Nf6 2. c4 d6 3. d4 Nbd7 4. Nc3 e5 5. g3 c6 6. e4 Be7 7. Bg2 0-0 8. 0-0 Qc7 9. h3 Re8 10. Be3 a5 11. Rc1 Bf8 12. Qc2 g6 13. b3 Bg7 14. a3 Nh5 15. Rfd1 exd4 16. Nxd4 Nc5 17. b4 axb4 18. axb4 Ne6 19. Nde2 Qe7 20. Qd2 Bf8 21. Re1 Nf6 22. Rcd1 Bd7 23. c5 Ng7 24. cxd6 Qe6 25. f4 Red8 26. e5 Nfe8 27. Bb6 Rdc8 28. Ne4 f6 29. Bc5 Qf7 30. Nd4 fxe5 31. fxe5 Ra2 32. Qe3 Nxd6 33. exd6 Nf5 34. Nxf5 Qxf5 35. Qb3+ Qf7 36. Qxf7+ Kxf7 1-0

[Event "IPCA Wch-B 8th"]
[Site "Wisla"]
[Date "2007.05.21"]
[Round "7"]
[White "Czech, Jan"]
[Black "Zhuravliev, Vladilen"]
[Result "0-1"]
[WhiteElo "1920"]
[BlackElo "2112"]
[PlyCount "118"]
[EventDate "2007.05.15"]
[EventType "swiss"]
[EventRounds "9"]
[EventCountry "POL"]
[SourceTitle "EXT 2011"]
[Source "ChessBase"]
[SourceDate "2010.11.26"]
[SourceVersion "1"]
[SourceVersionDate "2010.11.26"]
[SourceQuality "1"]

1. e4 e5 2. Nf3 d6 3. d4 exd4 4. Nxd4 Nf6 5. Nc3 Be7 6. Bc4 0-0 7. 0-0 a6 8. a4 c5 9. Nf3 Bg4 10. Be2 Nc6 11. h3 Bh5 12. Be3 Re8 13. Nd2 Bxe2 14. Qxe2 d5 15. Bg5 Nxe4 16. Bxe7 Nxc3 17. bxc3 Rxe7 18. Qg4 Qd6 19. Rad1 Qf6 20. Qg3 Rae8 21. Nb3 d4 22. Nxc5 dxc3 23. Rd3 Nd4 24. Qg4 Nxc2 25. Qc4 b5 26. axb5 axb5 27. Qxb5 Nd4 28. Qc4 Ne2+ 29. Kh2 h5 30. Rd5 g6 31. f4 h4 32. Nd7 Qe6 33. Ne5 Ng3 34. Rfd1 Nh5 35. Qxc3 Nxf4 36. Ra5 Qf6 37. Re1 Qg5 38. g4 hxg3+ 39. Qxg3 Qxg3+ 40. Kxg3 Nh5+ 41. Kf2 Nf4 42. Kg3 Nd3 43. Nxd3 Rxe1 44. Nxe1 Rxe1 45. h4 Rh1 46. Ra4 Kg7 47. Kg2 Rb1 48. Kg3 Rb5 49. Kg4 Kh6 50. Rf4 f5+ 51. Kg3 Kh5 52. Kg2 Re5 53. Kf3 Re4 54. Rxe4 fxe4+ 55. Kxe4 Kxh4 56. Kf3 g5 57. Kg2 Kg4 58. Kh2 Kf3 59. Kg1 g4 0-1

[Event "IPCA Wch-B 8th"]
[Site "Wisla"]
[Date "2007.05.17"]
[Round "3"]
[White "Dulinski, Stanislaw"]
[Black "Zhuravliev, Vladilen"]
[Result "0-1"]
[WhiteElo "1931"]
[BlackElo "2112"]
[PlyCount "96"]
[EventDate "2007.05.15"]
[EventType "swiss"]
[EventRounds "9"]
[EventCountry "POL"]
[SourceTitle "EXT 2011"]
[Source "ChessBase"]
[SourceDate "2010.11.26"]
[SourceVersion "1"]
[SourceVersionDate "2010.11.26"]
[SourceQuality "1"]

1. e4 e5 2. f4 c5 3. Nf3 d6 4. Bc4 Nc6 5. Nc3 Be7 6. d3 Nf6 7. a3 Be6 8. Bxe6 fxe6 9. Ng5 Qd7 10. 0-0 h6 11. Nh3 0-0-0 12. a4 d5 13. Nf2 Rhf8 14. Qe2 Bd6 15. Nb5 Bb8 16. Nh3 dxe4 17. dxe4 Nd4 18. Nxd4 Qxd4+ 19. Be3 Qxe4 20. Nf2 Qc6 21. Nd3 exf4 22. Bxf4 Bxf4 23. Rxf4 Rd4 24. c3 Rxf4 25. Nxf4 Re8 26. Qc4 Kb8 27. Re1 e5 28. Ng6 e4 29. b3 a6 30. Nf4 Qd6 31. g3 g5 32. Ng2 h5 33. Ne3 h4 34. Rd1 Qe5 35. Rf1 hxg3 36. h3 g2 37. Kxg2 Nh5 38. Kg1 Qg3+ 39. Ng2 Nf4 40. Rxf4 gxf4 41. Kf1 f3 42. Ne3 Qxh3+ 43. Ke1 Qg3+ 44. Kd1 Rd8+ 45. Kc1 Qe1+ 46. Kb2 Qxe3 47. Qe6 Qd2+ 48. Ka3 Qc1+ 0-1

[Event "IPCA Wch-B 8th"]
[Site "Wisla"]
[Date "2007.05.15"]
[Round "1"]
[White "Wajda, Mariusz"]
[Black "Zhuravliev, Vladilen"]
[Result "1-0"]
[WhiteElo "1951"]
[BlackElo "2112"]
[PlyCount "71"]
[EventDate "2007.05.15"]
[EventType "swiss"]
[EventRounds "9"]
[EventCountry "POL"]
[SourceTitle "EXT 2011"]
[Source "ChessBase"]
[SourceDate "2010.11.26"]
[SourceVersion "1"]
[SourceVersionDate "2010.11.26"]
[SourceQuality "1"]

1. e4 c6 2. d4 d5 3. Nd2 dxe4 4. Nxe4 Nf6 5. Ng3 e6 6. Nf3 c5 7. Bb5+ Nc6 8. 0-0 a6 9. Bxc6+ bxc6 10. Bg5 Qd5 11. Re1 Nd7 12. Be3 c4 13. c3 Bd6 14. Nd2 0-0 15. b3 cxb3 16. axb3 c5 17. Nc4 Bb7 18. f3 Be7 19. Na5 Bc8 20. Bf2 Rd8 21. c4 Qd6 22. Ne4 Qb6 23. d5 Bb7 24. Nxb7 Qxb7 25. dxe6 fxe6 26. Qc2 Qc6 27. Rad1 Nf6 28. Ng5 Rxd1 29. Qxd1 Ng4 30. Rxe6 Nxf2 31. Qe2 Qd7 32. Rxe7 Qd1+ 33. Kxf2 Qd4+ 34. Qe3 Qb2+ 35. Kg3 Rf8 36. Qe6+ 1-0